000 01555nam a2200421 i 4500
001 ELB79876
003 FlNmELB
006 m o d |
007 cr cnu||||||||
008 140201s2013 ec ob 001 0 spa d
020 _z9789978101520
020 _a9781449295479 (e book)
035 _a(MiAaPQ)EBC3217168
035 _a(Au-PeEL)EBL3217168
035 _a(CaPaEBR)ebr10820682
035 _a(OCoLC)991922082
040 _aFINmELB
_bspa
_erda
_cFINmELB
050 4 _aQH541.15.B56
_bT693 2013
080 _a502.7
082 0 _a577
_223
100 1 _aTorres S., Rodrigo.
245 1 0 _aPlanificación de la comunicación ambiental en temas de biodiversidad /
_cRodrigo Torres S.
264 1 _aQuito :
_bEdiciones Abya-Yala,
_c2013.
300 _a1 recurso en línea
336 _atexto
_btxt
_2rdacontent/spa
337 _acomputadora
_bc
_2rdamedia/spa
338 _arecurso en línea
_bcr
_2rdacarrier/spa
500 _aContiene índice.
504 _aContiene bibliografía.
588 _aDescripción basada en recurso en línea; Título de la página del título en PDF (e-libro, visto February 1, 2014).
590 _aRecurso electrónico. Santa Fe, Arg.: e-libro, 2015. Disponible vía World Wide Web. El acceso puede estar limitado para las bibliotecas afiliadas a e-libro.
650 0 _aBiodiversity
_xResearch.
650 0 _aEnvironmental protection.
650 4 _aProtección ambiental.
655 4 _aLibros electrónicos.
797 2 _ae-libro, Corp.
856 4 0 _uhttps://elibro.net/ereader/usam/79876
999 _c144917
_d144917